Statistics for Sink The States

Click here to take the quiz!

General Stats

  • This quiz has been taken 157 times
  • The average score is 40 of 50

Answers on the Map

Answers color-coded by a green-red scale on the quiz's map according to % correct below.
 

Answer Stats

State% Correct
Texas
95%
California
93%
Florida
93%
Alaska
92%
Washington
92%
Idaho
87%
Illinois
87%
Georgia
86%
New York
86%
Alabama
85%
Nevada
85%
Hawaii
84%
Ohio
84%
Arkansas
82%
Iowa
82%
Louisiana
82%
Maine
82%
Michigan
82%
Montana
82%
North Dakota
82%
Utah
82%
Indiana
81%
Mississippi
81%
Oklahoma
81%
Virginia
81%
Wyoming
81%
Arizona
80%
Oregon
80%
South Dakota
80%
Colorado
79%
New Jersey
78%
New Mexico
78%
Pennsylvania
77%
Kentucky
76%
Minnesota
76%
South Carolina
76%
Delaware
75%
Kansas
75%
Missouri
75%
Nebraska
75%
Tennessee
75%
Wisconsin
75%
Vermont
74%
North Carolina
73%
Maryland
71%
West Virginia
71%
Massachusetts
69%
New Hampshire
68%
Rhode Island
68%
Connecticut
67%

Score Distribution

Percentile by Number Answered

Percent of People with Each Score

Your Score History

You have not taken this quiz